000 01052 a2200217 4500
003 Nust
005 20230103093409.0
010 _a 2010024723
020 _a9780470604465 (hbk. : alk. paper)
040 _cNust
082 0 0 _a629.892,NIK
100 1 _aNiku, Saeed B.
_913068
245 1 0 _aIntroduction to robotics :
_banalysis, control, applications /
_cSaeed Benjamin Niku.
250 _a2nd ed.
260 _aHoboken, N.J :
_bWiley,
_cc2011.
300 _axiv, 466 p. :
_bill. ;
_c25 cm.
505 _aFundamentals (Page-1), Kinematics of Robots: Position Analysis (Page-33), Differential Motions and Velocities (Page-114), Dynamic Analysis and Forces (Page-147), Trajectory Planning (Page-178), Motion Control Systems (Page-203), Actuators and Drive Systems (Page-266), Sensors (Page-319), Image Processing and Analysis with Vision Systems (Page-350), Fuzzy Logic Control (Page-423).
650 0 _aTelecommunication Engineering
856 4 2 _3Cover image
_uhttp://catalogimages.wiley.com/images/db/jimages/9780470604465.jpg
942 _2ddc
_cBK
999 _c189262
_d189262